[Event "Chigorin Memorial"]
[Site "St Petersburg RUS"]
[Date "2012.10.30"]
[Round "4.58"]
[White "Atabayev, Maksat"]
[Black "Klyuev, Alexander S."]
[Result "1-0"]
[WhiteTitle "FM"]
[WhiteElo "2446"]
[BlackElo "2218"]
[WhiteFideId "14001101"]
[BlackFideId "4194250"]
[EventDate "2012.10.27"]

1. e4 c5 2. Nf3 d6 3. c3 Nf6 4. Be2 g6 5. O-O Bg7 6. d3 O-O 7. Nbd2 Nc6 8. Re1
Ne8 9. Nb3 Nc7 10. Be3 e5 11. d4 b6 12. Qd2 Bg4 13. Rad1 Qc8 14. h3 Bxf3 15.
Bxf3 Qb7 16. dxc5 dxc5 17. Qe2 Rad8 18. h4 Qb8 19. g3 Rxd1 20. Rxd1 Rd8 21. Re1
Qb7 22. a4 Qa6 23. Qxa6 Nxa6 24. Be2 Nc7 25. h5 Bf6 26. a5 Be7 27. Ra1 Rb8 28.
axb6 axb6 29. f4 Kf8 30. Kg2 Bf6 31. Rf1 Ke7 32. Nd2 Ne6 33. f5 Nf8 34. g4 gxh5
35. g5 Bh8 36. Nc4 f6 37. Nxb6 Kf7 38. Bxh5+ Kg8 39. Nc4 1-0

[Event "Chigorin Memorial"]
[Site "St Petersburg RUS"]
[Date "2012.10.30"]
[Round "4.59"]
[White "Toivonen, Alexander V."]
[Black "Bajarani, Ulvi"]
[Result "0-1"]
[WhiteTitle "FM"]
[BlackTitle "IM"]
[WhiteElo "2250"]
[BlackElo "2436"]
[WhiteFideId "4107918"]
[BlackFideId "13403028"]
[EventDate "2012.10.27"]

1. d4 Nf6 2. Nf3 d5 3. c4 c6 4. e3 a6 5. Nc3 b5 6. b3 Bg4 7. Be2 Nbd7 8. O-O e6
9. h3 Bh5 10. Bb2 Bd6 11. Ne5 Bxe2 12. Nxe2 Rc8 13. Ng3 O-O 14. f4 c5 15. Nxd7
Qxd7 16. dxc5 Bxc5 17. Bxf6 gxf6 18. Nh5 Kh8 19. Nxf6 Qd8 20. Nxh7 Kxh7 21. Qh5+
Kg7 22. Rf3 Rg8 23. f5 Qf6 24. Raf1 e5 25. cxd5 Kf8 26. Kh1 Bd6 27. e4 Rh8 28.
Qg4 Rh4 29. Qg3 Rxe4 30. Rc3 Rxc3 31. Qxc3 Rd4 32. Qc6 e4 33. Qxa6 Qe5 34. Qc8+
Kg7 35. Kg1 e3 36. f6+ Kh7 0-1

[Event "Chigorin Memorial"]
[Site "St Petersburg RUS"]
[Date "2012.10.30"]
[Round "4.60"]
[White "Sipila, Vilka"]
[Black "Syrchikov, Alexander"]
[Result "1/2-1/2"]
[WhiteTitle "FM"]
[BlackTitle "FM"]
[WhiteElo "2430"]
[BlackElo "2208"]
[WhiteFideId "505455"]
[BlackFideId "4133358"]
[EventDate "2012.10.27"]

1. e4 c5 2. Nf3 d6 3. d4 cxd4 4. Nxd4 Nf6 5. Nc3 g6 6. Be3 Bg7 7. f3 Nc6 8. Qd2
O-O 9. O-O-O d5 10. Kb1 Nxd4 11. e5 Nf5 12. exf6 Bxf6 13. Nxd5 Qxd5 14. Qxd5
Nxe3 15. Qd2 Nxd1 16. Qxd1 Bf5 17. g4 Rfd8 18. Qe1 Bh4 19. Qe2 Be6 20. Bg2 Rd7
21. f4 Rad8 22. Be4 Rd2 23. Qf3 Bc4 24. Rc1 b5 25. g5 Bf2 26. b3 Bd5 27. f5 b4
28. a3 a5 29. axb4 axb4 30. fxg6 hxg6 31. Bxd5 R8xd5 32. Qe4 Bc5 33. h4 Bd6 34.
h5 Ra5 35. Qb7 Be5 36. c3 Raa2 37. Qc8+ Kg7 38. h6+ Kh7 39. Rf1 Rab2+ 40. Kc1
Rbc2+ 1/2-1/2

[Event "Chigorin Memorial"]
[Site "St Petersburg RUS"]
[Date "2012.10.30"]
[Round "4.61"]
[White "Vunder, Andrey"]
[Black "Arslanov, Shamil"]
[Result "1/2-1/2"]
[BlackTitle "IM"]
[WhiteElo "2243"]
[BlackElo "2421"]
[WhiteFideId "4128338"]
[BlackFideId "4192826"]
[EventDate "2012.10.27"]

1. d4 c5 2. c3 Nf6 3. Nf3 d5 4. Bf4 Qb6 5. Qb3 Nc6 6. e3 c4 7. Qxb6 axb6 8. Be2
b5 9. O-O b4 10. cxb4 Nxb4 11. Nc3 Bd7 12. Ne5 e6 13. b3 b5 14. Nxd7 Kxd7 15.
Nxb5 Nc2 16. Rac1 Rxa2 17. bxc4 Ba3 18. Nxa3 Nxa3 19. cxd5 Nxd5 20. Bf3 Nxf4 21.
exf4 Rc8 22. Rxc8 Kxc8 23. d5 Kd7 24. Rd1 Rb2 25. g3 Rb1 26. dxe6+ Kxe6 27. Bd5+
Kf6 28. Rxb1 Nxb1 29. Kg2 Nc3 30. Bc4 Ne4 31. Bd3 Nd6 32. Kf3 h6 33. g4 g5 34.
Kg3 Nb7 35. fxg5+ hxg5 36. f4 Nd6 37. fxg5+ Kxg5 38. h4+ Kh6 39. Kf4 f6 40. Bf5
Nc4 41. Be6 Ne5 42. g5+ Kg7 43. Kf5 fxg5 44. hxg5 Nf3 1/2-1/2

[Event "Chigorin Memorial"]
[Site "St Petersburg RUS"]
[Date "2012.10.30"]
[Round "4.63"]
[White "Afanasiev, Nikita"]
[Black "Atabayev, Yusup"]
[Result "1-0"]
[BlackTitle "FM"]
[WhiteElo "2224"]
[BlackElo "2407"]
[WhiteFideId "24183555"]
[BlackFideId "14001128"]
[EventDate "2012.10.27"]

1. c4 Nf6 2. Nc3 c5 3. Nf3 Nc6 4. d4 cxd4 5. Nxd4 Qb6 6. Nc2 e6 7. e4 Bc5 8. Qd2
Nd4 9. f3 Nxc2+ 10. Qxc2 d6 11. a3 Be3 12. Bxe3 Qxe3+ 13. Qe2 Qxe2+ 14. Bxe2 Ke7
15. Kf2 Bd7 16. Rhd1 Rhd8 17. Rd2 Rac8 18. Rad1 Bc6 19. Ke3 e5 20. f4 exf4+ 21.
Kxf4 b6 22. b4 h6 23. Rd4 Ne8 24. Ke3 Nc7 25. Bg4 Ra8 26. R1d2 f6 27. Bf3 Be8
28. Bg4 Bf7 29. c5 bxc5 30. bxc5 Ne8 31. c6 Rab8 32. Ra4 a6 33. Rxa6 Ra8 34. Rb6
Rdb8 35. Rdb2 Rxb6 36. Rxb6 Nc7 37. Rb7 Kd8 38. a4 h5 39. Bd7 d5 40. Nb5 Nxb5
41. axb5 Ra3+ 42. Kd2 Ra2+ 43. Kc3 Ra4 44. exd5 Bxd5 45. Rb8+ Ke7 46. b6 Kd6 47.
c7 1-0

[Event "Chigorin Memorial"]
[Site "St Petersburg RUS"]
[Date "2012.10.30"]
[Round "4.64"]
[White "Matveeva, Olga"]
[Black "Nikologorskiy, Konstantin"]
[Result "0-1"]
[WhiteTitle "WFM"]
[BlackTitle "FM"]
[WhiteElo "2219"]
[BlackElo "2400"]
[WhiteFideId "24107018"]
[BlackFideId "24111708"]
[EventDate "2012.10.27"]

1. d4 d5 2. c4 c6 3. cxd5 cxd5 4. Nc3 Nf6 5. Bf4 Nc6 6. e3 Bf5 7. Qb3 Na5 8.
Qa4+ Bd7 9. Bb5 e6 10. Nf3 a6 11. Bxd7+ Nxd7 12. Rc1 b5 13. Qd1 Rc8 14. O-O Bb4
15. Qd3 Nc4 16. b3 Ncb6 17. h3 O-O 18. Ng5 Nf6 19. Be5 Nbd7 20. Rc2 h6 21. Nf3
Qa5 22. Nb1 Nxe5 23. Nxe5 Qb6 24. Rfc1 Qb7 25. Nc6 Bd6 26. b4 Ne4 27. Nd2 f5 28.
f3 Ng3 29. Nb3 Qd7 30. a3 f4 31. exf4 Bxf4 32. Ne5 Bxe5 33. dxe5 Rxc2 34. Rxc2
Qf7 35. Rc6 Nh5 36. Nd4 Nf4 37. Qc2 Re8 38. Rxa6 Qh5 39. Nc6 d4 40. Nxd4 Qxe5
41. Nc6 Qe1+ 42. Kh2 Ne2 43. Qc5 Kh8 44. a4 Qg3+ 45. Kh1 Nf4 46. Qc2 e5 47. axb5
e4 48. fxe4 Nd3 49. Ra1 Nf2+ 50. Kg1 Nxh3+ 51. Kh1 Nf2+ 52. Kg1 Ng4 53. Qc5 Ne3
54. Ra2 Qe1+ 55. Kh2 Rxe4 56. g3 Nf1+ 0-1

[Event "Chigorin Memorial"]
[Site "St Petersburg RUS"]
[Date "2012.10.30"]
[Round "4.65"]
[White "Tilicheev, Viacheslav"]
[Black "Tkachev, Ivan"]
[Result "1-0"]
[WhiteTitle "FM"]
[WhiteElo "2397"]
[BlackElo "2128"]
[WhiteFideId "24114928"]
[BlackFideId "4186885"]
[EventDate "2012.10.27"]

1. e4 e5 2. Nf3 Nf6 3. Nc3 Bb4 4. Nxe5 Qe7 5. Nd3 Bxc3 6. dxc3 Qxe4+ 7. Be2 Qxg2
8. Bf3 Qh3 9. Nf4 Qf5 10. Qe2+ Kd8 11. Be3 Nc6 12. Rg1 Re8 13. Rxg7 Ne5 14.
O-O-O d6 15. Rg5 Qxg5 16. Ne6+ Rxe6 17. Bxg5 Ke8 18. Bg2 h6 19. Bxh6 Neg4 20.
Qd2 Bd7 21. Bg5 Bc6 22. Bxc6+ bxc6 23. Qf4 1-0

[Event "Chigorin Memorial"]
[Site "St Petersburg RUS"]
[Date "2012.10.30"]
[Round "4.66"]
[White "Dzhangobegov, Vladimir"]
[Black "Atabayev, Saparmyrat"]
[Result "1/2-1/2"]
[WhiteTitle "FM"]
[WhiteElo "2395"]
[BlackElo "2118"]
[WhiteFideId "4180984"]
[BlackFideId "14000571"]
[EventDate "2012.10.27"]

1. e4 c5 2. Nf3 d6 3. d4 cxd4 4. Nxd4 Nf6 5. Nc3 a6 6. Be3 e5 7. Nb3 Be7 8. f3
Be6 9. Qd2 O-O 10. O-O-O Nbd7 11. g4 b5 12. g5 b4 13. gxf6 bxc3 14. Qxc3 Nxf6
15. Na5 Qd7 16. Nc6 Rfc8 17. Nxe7+ Qxe7 18. Qa5 Rab8 19. b3 d5 20. exd5 Nxd5 21.
Rxd5 Bxd5 22. Qxd5 Qa3+ 23. Kb1 Rd8 24. Bc5 Qa5 25. Qxe5 Rxb3+ 26. cxb3 Rd1+ 27.
Kb2 Qd2+ 28. Ka3 Qa5+ 29. Kb2 Qd2+ 30. Ka3 Qa5+ 31. Kb2 Qd2+ 32. Ka3 Qa5+ 1/2-1/2

[Event "Chigorin Memorial"]
[Site "St Petersburg RUS"]
[Date "2012.10.30"]
[Round "4.68"]
[White "Balaian, Alina"]
[Black "Ponfilenok, Vladimir"]
[Result "0-1"]
[WhiteTitle "WIM"]
[WhiteElo "2180"]
[BlackElo "2392"]
[WhiteFideId "24115347"]
[BlackFideId "24113522"]
[EventDate "2012.10.27"]

1. e4 e6 2. d4 d5 3. Nc3 Bb4 4. exd5 exd5 5. Bd3 Nf6 6. Bg5 h6 7. Bh4 O-O 8. Ne2
c6 9. O-O Nbd7 10. Qc1 Re8 11. Ng3 Nf8 12. Nf5 Ng6 13. Bg3 Ne4 14. Bxe4 dxe4 15.
Ne3 Qxd4 16. Rd1 Qb6 17. Ncd5 cxd5 18. Nxd5 Qa5 19. c3 Bf8 20. a4 Bg4 21. Rd4
Rac8 22. b4 Qa6 23. h3 Bf5 24. Nc7 Rxc7 25. Bxc7 Qc6 26. Bg3 Be7 27. Ra3 Bg5 28.
Qe1 e3 29. Rd6 exf2+ 30. Qxf2 Qxd6 31. Bxd6 Be3 32. Qxe3 Rxe3 33. Bc5 Re2 34.
Bxa7 Nf4 35. c4 Rxg2+ 36. Kf1 Rc2 37. c5 Bd3+ 38. Kg1 Nxh3+ 0-1

[Event "Chigorin Memorial"]
[Site "St Petersburg RUS"]
[Date "2012.10.30"]
[Round "4.69"]
[White "Skvortsov, Alexander"]
[Black "Belyakov, Bogdan"]
[Result "0-1"]
[BlackTitle "FM"]
[WhiteElo "2110"]
[BlackElo "2388"]
[WhiteFideId "24170038"]
[BlackFideId "24104795"]
[EventDate "2012.10.27"]

1. e4 e5 2. Nf3 Nc6 3. Bc4 Nf6 4. d3 Bc5 5. O-O O-O 6. a4 d5 7. exd5 Nxd5 8. c3
a6 9. Nbd2 Bg4 10. h3 Bh5 11. Ne4 Be7 12. Ng3 Bg6 13. Re1 Nb6 14. Bb3 Nd7 15. d4
exd4 16. cxd4 Nb4 17. Ne4 Re8 18. Bf4 Bf8 19. Ne5 Nxe5 20. Bxe5 c5 21. Nc3 cxd4
22. Qxd4 Nd3 23. Qxd8 Raxd8 24. Bc7 Rxe1+ 25. Rxe1 Rc8 26. Re3 Rxc7 27. Re8 Nc5
28. Nd5 Rd7 29. Nb6 Re7 30. Rd8 Nxb3 31. Nd7 Rxd7 32. Rxd7 Nc5 33. Rc7 a5 34. g4
Bc2 0-1

[Event "Chigorin Memorial"]
[Site "St Petersburg RUS"]
[Date "2012.10.30"]
[Round "4.70"]
[White "Baghdasaryan, Vahe"]
[Black "Pershin, Denis"]
[Result "1/2-1/2"]
[WhiteTitle "IM"]
[WhiteElo "2373"]
[BlackElo "2100"]
[WhiteFideId "13303139"]
[BlackFideId "24165506"]
[EventDate "2012.10.27"]

1. e4 e5 2. Nf3 Nc6 3. Bb5 Nf6 4. d3 Bc5 5. O-O Nd4 6. Ba4 Nxf3+ 7. Qxf3 O-O 8.
Bg5 h6 9. Be3 Bxe3 10. fxe3 d5 11. exd5 Nxd5 12. Nd2 c6 13. Bb3 Be6 14. Rae1 Nb4
15. Bxe6 fxe6 16. Qe4 Qd6 17. a3 Nxc2 18. Rc1 Rxf1+ 19. Nxf1 Nxa3 20. bxa3 Qxa3
21. Rd1 Qb2 22. Rd2 Qc3 23. Qc4 Qxc4 24. dxc4 b5 25. cxb5 cxb5 26. Rb2 Rb8 27.
Ra2 Rb7 28. Nd2 Kf7 29. Nb3 Ke7 30. Ra6 b4 31. Na5 b3 32. Nxb3 Rxb3 33. Rxa7+
Kf6 34. Kf2 Rb2+ 35. Kg3 Rb3 36. Kf3 Rb4 37. h3 Rc4 38. Rb7 Ra4 39. Rc7 Rb4 40.
Ra7 Rc4 1/2-1/2

[Event "Chigorin Memorial"]
[Site "St Petersburg RUS"]
[Date "2012.10.30"]
[Round "4.71"]
[White "Lobanov, Sergei"]
[Black "Solovjov, Sergey I."]
[Result "0-1"]
[BlackTitle "IM"]
[WhiteElo "2081"]
[BlackElo "2371"]
[WhiteFideId "24183750"]
[BlackFideId "4122780"]
[EventDate "2012.10.27"]

1. e4 c5 2. Nf3 d6 3. d4 cxd4 4. Nxd4 Nf6 5. Nc3 g6 6. Be3 Bg7 7. f3 a6 8. Qd2
b5 9. a4 b4 10. Na2 a5 11. Bb5+ Nbd7 12. Nc1 Bb7 13. Ncb3 Rc8 14. O-O-O O-O 15.
h4 h5 16. Bh6 Qc7 17. Bxg7 Kxg7 18. Qg5 Kh7 19. Bxd7 Qxd7 20. g4 Rg8 21. e5 Nxg4
22. fxg4 Bxh1 23. Rxh1 Qxg4 24. Qxe7 Qf4+ 25. Kb1 dxe5 26. Ne6 Qf5 27. Ng5+ Kg7
28. Rh2 Rge8 29. Qa7 Qf6 30. Rf2 Re7 31. Qe3 Qc6 32. Ne4 f5 33. Qg5 Rf7 34. Ng3
Kh7 35. Qe3 Qxa4 36. Qxe5 Re8 37. Qf4 Re1+ 38. Nc1 Qe8 39. Ne2 Rd7 40. b3 Qe7
41. Rg2 Rdd1 42. Qc4 Rf1 43. Qc6 Qg7 44. Rg3 Rh1 45. Qc4 Qe7 46. Rg5 Rde1 47.
Qc6 Qf7 48. Rg3 Rxh4 49. Rd3 Re4 50. Nd4 Qg7 51. Nf3 Rxc1+ 52. Kxc1 Kh6 53. Qc8
Qa1+ 54. Kd2 Rg4 55. Qf8+ Qg7 56. Qxg7+ Kxg7 57. Rd5 Rg2+ 58. Kd3 Rf2 59. Nd2 h4
60. Rxa5 h3 61. Ra1 g5 62. Ke3 Rg2 63. Nf3 Kg6 64. Rh1 Rxc2 65. Rxh3 g4 66. Nh4+
Kg5 67. Rh1 Rc3+ 68. Kf2 Rxb3 69. Ng2 Rb2+ 70. Kg3 f4+ 0-1

[Event "Chigorin Memorial"]
[Site "St Petersburg RUS"]
[Date "2012.10.30"]
[Round "4.73"]
[White "Kashtanov, Ruslan"]
[Black "Gantsevich, Aleksei"]
[Result "1-0"]
[WhiteTitle "IM"]
[WhiteElo "2356"]
[BlackElo "2046"]
[WhiteFideId "4124871"]
[BlackFideId "24131610"]
[EventDate "2012.10.27"]

1. c4 Nf6 2. Nc3 g6 3. e4 d6 4. d4 Bg7 5. h3 O-O 6. Be3 c5 7. d5 e6 8. Bd3 exd5
9. exd5 Bd7 10. Nf3 Na6 11. O-O b5 12. cxb5 Nb4 13. Bc4 Bf5 14. Rc1 a6 15. b6
Nd7 16. Na4 a5 17. a3 Na6 18. Qb3 Nab8 19. Bf4 Ne5 20. Nxe5 dxe5 21. Be3 Nd7 22.
b7 Rb8 23. Nxc5 Nb6 24. Ba6 a4 25. Nxa4 Nxa4 26. Qxa4 Qxd5 27. Rfd1 Qe6 28. Ba7
e4 29. Bxb8 e3 30. Bg3 1-0

[Event "Chigorin Memorial"]
[Site "St Petersburg RUS"]
[Date "2012.10.30"]
[Round "4.74"]
[White "Grinblat, Artemiy"]
[Black "Zvjaginsev, Vadim"]
[Result "0-1"]
[BlackTitle "GM"]
[WhiteElo "2043"]
[BlackElo "2678"]
[WhiteFideId "14135272"]
[BlackFideId "4113403"]
[EventDate "2012.10.27"]

1. e4 e5 2. Nf3 Nc6 3. d4 exd4 4. Nxd4 Bc5 5. Nxc6 bxc6 6. Bd3 Qh4 7. O-O Nf6 8.
Qe2 O-O 9. Nc3 d5 10. exd5 cxd5 11. Qf3 c6 12. h3 Bd6 13. Bf5 Bxf5 14. Qxf5 Rfe8
15. Qf3 Nd7 16. Qd1 Bc5 17. Ne2 Re4 18. Qd3 Rae8 19. Ng3 Ne5 20. Qb3 Rb4 21. Qc3
Rc4 22. Qb3 a5 23. Nf5 Qe4 24. Ne3 Rb4 25. Qc3 Bxe3 26. fxe3 Rc4 0-1

[Event "Chigorin Memorial"]
[Site "St Petersburg RUS"]
[Date "2012.10.30"]
[Round "4.76"]
[White "Kuratov, Vasily"]
[Black "Vocaturo, Daniele"]
[Result "0-1"]
[BlackTitle "GM"]
[WhiteElo "2225"]
[BlackElo "2534"]
[WhiteFideId "34114600"]
[BlackFideId "813192"]
[EventDate "2012.10.27"]

1. e4 e5 2. Nf3 Nc6 3. Bb5 a6 4. Ba4 Nf6 5. O-O Nxe4 6. d4 b5 7. Bb3 d5 8. dxe5
Be6 9. c3 Bc5 10. Nbd2 O-O 11. Bc2 Bf5 12. Nb3 Bg6 13. Nfd4 Bxd4 14. cxd4 a5 15.
Be3 a4 16. Bxe4 dxe4 17. Nc5 Qd5 18. b3 Rfd8 19. Nb7 Re8 20. Nc5 Rad8 21. bxa4
bxa4 22. Qxa4 Nxd4 23. Bxd4 Qxd4 24. Qxd4 Rxd4 25. a4 Rd5 26. Rfc1 e3 27. fxe3
Rexe5 28. a5 Rxc5 29. Rxc5 Rxc5 30. a6 Be4 31. a7 g5 32. a8=Q+ Bxa8 33. Rxa8+
Kg7 34. Kf2 h5 35. h3 Rc4 36. Kf3 h4 37. Ra6 f5 38. Kf2 c6 39. Ra7+ Kg6 40. Ra8
Kg7 41. Ra7+ Kg6 42. Ra8 g4 43. hxg4 fxg4 44. Rh8 Rc2+ 45. Kf1 Kg5 46. Re8 Kf5 0-1

[Event "Chigorin Memorial"]
[Site "St Petersburg RUS"]
[Date "2012.10.30"]
[Round "4.77"]
[White "Ajrapetjan, Yuriy"]
[Black "Samdanov, Samdan"]
[Result "1/2-1/2"]
[WhiteTitle "GM"]
[WhiteElo "2502"]
[BlackElo "2221"]
[WhiteFideId "14109069"]
[BlackFideId "4188101"]
[EventDate "2012.10.27"]

1. Nf3 g6 2. e4 Bg7 3. d4 d6 4. c4 Bg4 5. Nc3 Nc6 6. Be3 e5 7. d5 Nd4 8. Be2
Bxf3 9. Bxf3 c5 10. Qa4+ Kf8 11. Be2 f5 12. f4 Bh6 13. O-O Nf6 14. Rae1 Kg7 15.
Bd3 fxe4 16. fxe5 Bxe3+ 17. Rxe3 Ng4 18. Rg3 Nxe5 19. Nxe4 Rf8 20. Re1 b6 21.
Qd1 Qe7 22. Ng5 Rae8 23. Re4 Qf6 24. h4 h6 25. Nh3 Nf5 26. Rf4 Nxd3 27. Qxd3
Re1+ 28. Kh2 Qe5 29. h5 Re3 30. Rxe3 Qxe3 31. Qxe3 Nxe3 32. Re4 Nf1+ 33. Kg1 Nd2
34. Re6 Rf6 35. Re7+ Rf7 36. Re6 gxh5 37. b3 Rf6 38. Re2 Rf1+ 39. Kh2 Nb1 40.
Re7+ Rf7 41. Re6 Rf6 42. Re7+ Rf7 43. Re1 Nc3 44. a4 Na2 45. Re4 Nc3 46. Re8 Nb1
47. Re2 Nc3 48. Re3 Nd1 49. Rg3+ Kh7 50. Kg1 Re7 51. Nf4 Re1+ 52. Kh2 h4 53. Rf3
Ne3 54. Nd3 Re2 55. Nf4 Re1 56. Nd3 Re2 57. Nf4 Re1 58. Nd3 Ng4+ 59. Kh3 Re4 60.
Rf4 Rxf4 61. Nxf4 Ne3 62. Ne6 Kg6 63. Nc7 Nf5 64. Nb5 a6 65. Na7 Nd4 66. Nc8
Nxb3 67. Nxd6 Na5 68. Kg4 Kf6 69. Kf4 Ke7 70. Nf5+ Kd7 71. Ne3 Nb7 72. Kg4 h3
73. gxh3 Nd6 74. Kh5 b5 75. cxb5 axb5 76. axb5 Nxb5 77. Kxh6 Nc7 78. Kg7 Kd6 79.
h4 Nxd5 80. Nc4+ Ke7 81. h5 Nf4 82. h6 Ne6+ 83. Kg8 Ng5 84. Nd2 Kf6 85. Ne4+ Kg6
86. Nxc5 Kxh6 87. Ne6 Nxe6 1/2-1/2

[Event "Chigorin Memorial"]
[Site "St Petersburg RUS"]
[Date "2012.10.30"]
[Round "4.80"]
[White "Cori T., Deysi"]
[Black "Nunez Lucero, Francisco"]
[Result "1-0"]
[WhiteTitle "WGM"]
[WhiteElo "2411"]
[BlackElo "2186"]
[WhiteFideId "3801934"]
[BlackFideId "2214369"]
[EventDate "2012.10.27"]

1. d4 d5 2. Nf3 e6 3. c4 c6 4. Qc2 f5 5. Bf4 Nf6 6. e3 Bd6 7. Bxd6 Qxd6 8. Nbd2
Nbd7 9. cxd5 cxd5 10. Rc1 O-O 11. Bd3 Ne4 12. O-O Nxd2 13. Nxd2 Nf6 14. Nf3 Bd7
15. Qc7 Qb4 16. Qc5 a5 17. Rc3 Rfc8 18. Qxb4 axb4 19. Rb3 Ra4 20. Ne5 Be8 21. f3
Rc7 22. Ra1 b5 23. Kf2 g5 24. Be2 Kg7 25. Nd3 Nd7 26. Nxb4 Nb6 27. Nd3 Kf6 28.
Nc5 Ra5 29. Rc1 Nc4 30. a3 Ra8 31. Rb4 Rac8 32. Bxc4 dxc4 33. a4 bxa4 34. Rbxc4
Kg6 35. R4c3 Rb8 36. R1c2 Ra7 37. e4 Kf6 38. Rd2 Ra5 39. d5 exd5 40. exd5 Rbb5
41. Rdc2 Ke5 42. Ne6 Kd6 43. Nxg5 h6 44. Ne6 Rxd5 45. Nc7 Re5 46. Nxe8+ Rxe8 47.
Rc6+ Ke7 48. Rxh6 Rb8 49. Rh4 Kf6 50. Rhc4 Kg5 51. Kg3 Rb3 52. Rd2 Rb6 53. Rcd4
Ra7 54. h4+ Kh5 55. Rd5 Rf7 56. Kh3 Rb3 57. R2d4 Rxb2 58. Rd6 Rb3 59. R4d5 1-0

[Event "Chigorin Memorial"]
[Site "St Petersburg RUS"]
[Date "2012.10.30"]
[Round "4.81"]
[White "Khanin, Semen"]
[Black "Svetlov, Dmitry"]
[Result "0-1"]
[BlackTitle "FM"]
[WhiteElo "2181"]
[BlackElo "2399"]
[WhiteFideId "4111990"]
[BlackFideId "24102610"]
[EventDate "2012.10.27"]

1. e4 e6 2. d4 d5 3. Nc3 Bb4 4. e5 c5 5. a3 Bxc3+ 6. bxc3 Ne7 7. Qg4 Qc7 8. Qxg7
Rg8 9. Qxh7 cxd4 10. Ne2 Nbc6 11. f4 dxc3 12. Qd3 Bd7 13. Nxc3 a6 14. Ne2 Nf5
15. Bd2 O-O-O 16. g3 d4 17. Bg2 Nce7 18. c4 dxc3 19. Qxc3 Bc6 20. Bxc6 Nxc6 21.
O-O Qb6+ 22. Kh1 Qb5 23. Ng1 Rd3 0-1

[Event "Chigorin Memorial"]
[Site "St Petersburg RUS"]
[Date "2012.10.30"]
[Round "4.82"]
[White "Antinyan, Armen"]
[Black "Nezad, Husein Aziz"]
[Result "1-0"]
[BlackTitle "IM"]
[WhiteElo "2177"]
[BlackElo "2396"]
[WhiteFideId "13303112"]
[BlackFideId "12100293"]
[EventDate "2012.10.27"]

1. e4 e5 2. Nf3 Nc6 3. d4 exd4 4. Nxd4 Nf6 5. Nxc6 bxc6 6. Bd3 d5 7. e5 Nd7 8.
O-O Bc5 9. Qg4 Kf8 10. Qg3 Bb6 11. Kh1 Nc5 12. Nc3 h5 13. Bg5 Qd7 14. Be2 Qf5
15. Rad1 Qxc2 16. f4 Ne4 17. Nxe4 Qxe2 18. Be7+ Kxe7 19. Qg5+ Ke8 20. Qxg7 Qxe4
21. Qxh8+ Kd7 22. f5 Ba6 23. e6+ fxe6 24. fxe6+ Qxe6 25. Qxa8 Bxf1 26. Rxf1 Bc5
27. Qh8 Qe2 28. Qf6 1-0

[Event "Chigorin Memorial"]
[Site "St Petersburg RUS"]
[Date "2012.10.30"]
[Round "4.83"]
[White "Mishuchkov, Nikolai M."]
[Black "Marusenko, Petr"]
[Result "1/2-1/2"]
[WhiteTitle "IM"]
[BlackTitle "IM"]
[WhiteElo "2393"]
[BlackElo "2175"]
[WhiteFideId "4102401"]
[BlackFideId "14100606"]
[EventDate "2012.10.27"]

1. d4 f5 2. g3 Nf6 3. Bg2 g6 4. Nf3 Bg7 5. O-O O-O 6. c4 d6 7. Nc3 Qe8 8. Nd5
Nxd5 9. cxd5 Qb5 10. Ng5 c6 11. a4 Qb6 12. dxc6 Nxc6 13. e3 h6 14. Bd5+ Kh8 15.
Ne6 Bxe6 16. Bxe6 Rf6 17. Qb3 Qxb3 18. Bxb3 e5 19. d5 Nb4 20. Bd2 Nd3 21. Bc4
Nxb2 22. Be2 Rc8 23. Rfc1 Rff8 24. Bb4 Rfd8 25. Rxc8 Rxc8 26. Bxd6 e4 27. Be7
Bf8 28. Bxf8 Rxf8 29. Rb1 Nxa4 30. Rxb7 Rd8 31. Rxa7 Nc3 32. Bc4 Nxd5 33. Bxd5
Rxd5 34. h3 h5 35. g4 hxg4 36. hxg4 Kg8 37. gxf5 gxf5 38. Kg2 Kf8 39. Kg3 Rc5
40. Ra2 Ke7 41. Kf4 Kf6 42. Ra6+ Ke7 43. Kg5 Rc2 44. Kxf5 Rxf2+ 45. Ke5 Rh2 46.
Ra7+ Ke8 47. Kxe4 Rh6 48. Kf5 Rb6 49. e4 Rc6 50. e5 Rb6 51. Ke4 Rb4+ 52. Kd5 Rb6 1/2-1/2

[Event "Chigorin Memorial"]
[Site "St Petersburg RUS"]
[Date "2012.10.30"]
[Round "4.84"]
[White "Tseitlin, Mark D"]
[Black "Petrova, Irina"]
[Result "1-0"]
[WhiteTitle "GM"]
[BlackTitle "WFM"]
[WhiteElo "2390"]
[BlackElo "2167"]
[WhiteFideId "2800128"]
[BlackFideId "14124122"]
[EventDate "2012.10.27"]

1. e4 e6 2. d4 d5 3. Nd2 c5 4. Ngf3 cxd4 5. Nxd4 Nf6 6. e5 Nfd7 7. N2f3 Nc6 8.
Bf4 Qb6 9. Rb1 h6 10. h4 Nxd4 11. Nxd4 Nb8 12. Be3 Bc5 13. c3 Nc6 14. b4 Bxd4
15. cxd4 Bd7 16. a4 Rc8 17. a5 Qc7 18. h5 a6 19. Rh3 Ne7 20. Rc1 Qd8 21. Rxc8
Qxc8 22. Bd2 Nf5 23. Qa1 Bc6 24. Qb2 Qd7 25. g4 Ne7 26. b5 Bxb5 27. Bxb5 axb5
28. Rb3 Nc6 29. Rxb5 Nd8 30. Rb6 g6 31. Rd6 Qa4 32. hxg6 fxg6 33. a6 O-O 34. Qb1
Qxd4 35. Qxg6+ Kh8 36. Qxh6+ Kg8 37. Qg5+ Kh8 38. Qh4+ Kg8 39. Rxd8 Qe4+ 40. Kf1
Qb1+ 41. Kg2 Qe4+ 42. Kg1 Qb1+ 43. Kh2 1-0

[Event "Chigorin Memorial"]
[Site "St Petersburg RUS"]
[Date "2012.10.30"]
[Round "4.85"]
[White "Zavoronkov, Vladimir"]
[Black "Bukhteeva, Viktoria"]
[Result "0-1"]
[WhiteTitle "IM"]
[BlackTitle "WFM"]
[WhiteElo "2378"]
[BlackElo "2165"]
[WhiteFideId "4500342"]
[BlackFideId "4192907"]
[EventDate "2012.10.27"]

1. c4 e5 2. Nc3 Nc6 3. g3 f5 4. Bg2 Nf6 5. d3 Bb4 6. Bd2 Bxc3 7. Bxc3 d6 8. e3
O-O 9. Ne2 Qe8 10. Qd2 Rb8 11. b3 Qg6 12. Bb2 Bd7 13. Nc3 f4 14. O-O-O fxe3 15.
fxe3 Ne7 16. Ne4 b5 17. Nxf6+ Rxf6 18. c5 Nc6 19. d4 exd4 20. exd4 Rbf8 21. Rhf1
Ne7 22. Rxf6 Qxf6 23. Rf1 Qxf1+ 0-1